Improving integrated pest management in horticulture/ edited by Rosemary Collier (Record no. 52322)

MARC details
000 -LEADER
fixed length control field 00534nam a22001577a 4500
003 - CONTROL NUMBER IDENTIFIER
control field OSt
008 - FIXED-LENGTH DATA ELEMENTS--GENERAL INFORMATION
fixed length control field 260625b |||||||| |||| 00| 0 eng d
020 ## - INTERNATIONAL STANDARD BOOK NUMBER
International Standard Book Number 9781786767530
082 ## - DEWEY DECIMAL CLASSIFICATION NUMBER
Classification number 635.0496
Item number C69I
245 ## - TITLE STATEMENT
Title Improving integrated pest management in horticulture/ edited by Rosemary Collier
260 ## - PUBLICATION, DISTRIBUTION, ETC. (IMPRINT)
Place of publication, distribution, etc UK:
Name of publisher, distributor, etc Climate smart publishing
Date of publication, distribution, etc [n.d.]
300 ## - PHYSICAL DESCRIPTION
Extent xxii, 464 p.
650 ## - SUBJECT ADDED ENTRY--TOPICAL TERM
Topical term or geographic name as entry element Agriculture and related technologies | Technology (Applied sciences) | India | Horticulture
700 ## - ADDED ENTRY--PERSONAL NAME
Personal name Collier, Rosemary
942 ## - ADDED ENTRY ELEMENTS (KOHA)
Source of classification or shelving scheme
Koha item type Books
Holdings
Withdrawn status Lost status Source of classification or shelving scheme Damaged status Not for loan Home library Current library Shelving location Date acquired Source of acquisition Cost, normal purchase price Total Checkouts Full call number Barcode Date last seen Bill Date Koha item type Bill Number
          Dr. Rajendra Prasad Central Agricultural University Pusa, Dr. Rajendra Prasad Central Agricultural University Pusa, General Stacks 25/06/2026 Today & Tomorrow Printers and Publishers 19312.00   635.0496 C69I 87548 25/06/2026 29/01/2026 Books Bill No. IN-00449
Hosted, Implemented, Customized & Maintained by: BestBookBuddies

Powered by Koha